MAASAI MARA UNIVERSITY

LIBRARY CATALOGUE

Contact Us: +254 020 2685356/7 or 0774 057787

Box: 861-20500, NAROK, KENYA

Email: info@mmarau.ac.ke

_Man from Machakos David G.Maiilu (Record no. 14330)

MARC details
000 -LEADER
fixed length control field 00370nam a2200133Ia 4500
008 - FIXED-LENGTH DATA ELEMENTS--GENERAL INFORMATION
fixed length control field 151021s9999 xx 000 0 und d
020 ## - INTERNATIONAL STANDARD BOOK NUMBER
International Standard Book Number 9966225633
050 ## - LIBRARY OF CONGRESS CALL NUMBER
Classification number PR9381.9 .M24 2007
245 ## - TITLE STATEMENT
Title _Man from Machakos David G.Maiilu
260 ## - PUBLICATION, DISTRIBUTION, ETC. (IMPRINT)
Place of publication, distribution, etc. Nairobi The Jomo Kenyatta Foundation 2007
300 ## - PHYSICAL DESCRIPTION
Extent 149p.
650 ## - SUBJECT ADDED ENTRY--TOPICAL TERM
Topical term or geographic name as entry element _Novel
980 ## - EQUIVALENCE OR CROSS-REFERENCE-SERIES STATEMENT--PERSONAL NAME/TITLE [LOCAL, CANADA]
Personal name ^d20130805 05:08:32^oanne

No items available.

© 2016 Maasai Mara University.